000 00433nam a2200181Ia 4500
003 GCL
008 140319s9999 xx 000 0 eng d
040 _aGCL /
_cGCL
082 0 4 _a792
_bR P
100 1 _aRACINE
245 1 0 _aPHECLRE /
_cRACINE
260 _a[S.N] :
_bLE LIVRE DE POCHE ،
_c1985
300 _a125 P
490 _aLE LIVRE DE POCHE
_v0
650 0 4 _aLITERATURE
650 0 4 _aFRENCH LITERATURE
942 _2ddc
_cBK
999 _c22373
_d22373